|
|
|
|
| LEADER |
00000nam a2200000 a 4500 |
| 001 |
vtls001323871 |
| 003 |
SK-MaSNL |
| 005 |
20260301005516.0 |
| 008 |
251113s1985 xr a 0 100 cze |
| 035 |
|
|
|a SNK000276572
|
| 040 |
|
|
|a SNK
|b slo
|c SNK
|e AACR2
|
| 041 |
|
|
|a slo
|
| 044 |
|
|
|a xr
|c CZ
|
| 080 |
|
|
|a 57-053.2
|2 2001
|
| 080 |
|
|
|a (075.8)
|2 2001
|
| 245 |
0 |
|
|a Biologie dítěte pro pedagogické fakulty
|c Jaroslav Suchý, Jaroslav Kotulán, Vítězslav Dohnal, Jaroslav Šmiřák ; obrázky Bohuslav Kutil ; fotografie Jiří Hodan, Miroslav Prokopec
|
| 250 |
|
|
|a 4. nezm. vyd.
|
| 260 |
|
|
|a Praha
|b Státní pedagogické nakladatelství
|c 1985
|
| 300 |
|
|
|a 190 s.
|b Ilustr.
|c 8°
|
| 490 |
1 |
|
|a Učebnice pro vysoké školy
|
| 504 |
|
|
|a Bibliogr. odkazy. Reg.
|
| 650 |
0 |
7 |
|a biológia
|x dieťa
|2 SNKPH
|9 289921
|
| 655 |
|
7 |
|a učebnice vysokých škôl
|2 SNKPH
|9 70191
|
| 700 |
1 |
|
|a Suchý, Jaroslav
|4 aut
|9 286375
|
| 700 |
1 |
|
|a Kutil, Bohuslav,
|d 1907-1982
|4 ill
|9 111970
|
| 700 |
1 |
|
|a Hodan, Jiří
|4 frg
|9 289922
|
| 700 |
1 |
|
|a Prokopec, Miroslav,
|d 1923-
|4 frg
|9 111971
|
| 700 |
1 |
|
|a Dohnal, Vítězslav
|4 aut
|9 289923
|
| 700 |
1 |
|
|a Kotulán, Jaroslav
|4 aut
|9 289924
|
| 700 |
1 |
|
|a Šmiřák, Jaroslav
|4 aut
|9 289925
|
| 830 |
|
0 |
|a Učebnice pro vysoké školy
|9 286150
|
| 958 |
|
|
|a OND
|
| 999 |
|
|
|c 545370
|d 547300
|
| 952 |
|
|
|t P60, <04>, [BOOK], {604}
|a SNK
|b SNK
|y VYP
|7 0
|o snkIC 97839
|i snkKIP 2575/85
|0 0
|1 0
|4 0
|d 1998-03-09
|l 0
|r 2005-01-02 00:00:00
|w 2026-02-23
|
| 952 |
|
|
|t P60, <04>, [BOOK], {604}
|a SNK
|b SNK
|y VYP
|7 0
|o snkIC 97839 D1
|i snkKIP 2576/85
|0 0
|1 0
|4 0
|d 1998-03-09
|l 0
|r 2005-01-02 00:00:00
|w 2026-02-23
|
| 952 |
|
|
|t P60, <04>, [BOOK], {604}
|a SNK
|b SNK
|y VYP
|7 0
|p 17A0235093
|o snkIC 97839 D1
|0 0
|1 1
|4 0
|d 2000-04-29
|l 0
|r 2005-01-02 00:00:00
|w 2026-02-23
|